| 000 | 00729nam a2200193 4500 | ||
|---|---|---|---|
| 001 | 138470 | ||
| 003 | ES-MaACL | ||
| 005 | 20230906195554.0 | ||
| 007 | t| | ||
| 008 | 070214s1933 sp r ||||1| spa d | ||
| 100 | 1 |
_aSan Juan Llosá, Ricardo. _9102252 |
|
| 245 | 1 | 0 |
_aSumación de series de radio nulo y prolongación semianalítica _b: memoria presentada para aspirar al grado de Doctor en Ciencias Exactas / _cpor Ricardo San Juan Llosá. |
| 260 |
_aMadrid : _bUniversidad Central, Facultad de Ciencias, _c1933. |
||
| 300 |
_a77 p. ; _c24 x 17 cm. |
||
| 500 | _aTesis doctoral. | ||
| 710 | 2 |
_aUniversidad Central (Madrid). _bFacultad de Ciencias. _97088 |
|
| 852 |
_aES-MaACL _j1778-F-17 |
||
| 852 |
_aES-MaACL _j1769-F-13 |
||
| 999 |
_c138470 _d138470 |
||